Observations on reversionary payments (Record no. 113523)
[ view plain ]
| 000 -LEADER | |
|---|---|
| fixed length control field | 01131cam a22001815a 4500 |
| 001 - CONTROL NUMBER | |
| control field | L155380 |
| 008 - FIXED-LENGTH DATA ELEMENTS--GENERAL INFORMATION | |
| fixed length control field | 120320s1773 xxk f 000 0 eng d |
| 035 ## - SYSTEM CONTROL NUMBER | |
| System control number | (Sirsi) u155380 |
| 041 0# - LANGUAGE CODE | |
| Language code of text/sound track or separate title | eng |
| 100 1# - MAIN ENTRY--PERSONAL NAME | |
| Personal name | Price, Richard |
| Dates associated with a name | 1723-1791 |
| 245 00 - TITLE STATEMENT | |
| Title | Observations on reversionary payments |
| Remainder of title | on schemes for providing annuities for widows, and for persons in old age; on The Method of Calculating the Values of Assurances on Lives; and on The National Debt. To which are added, four essays On different Subjects in the Doctrine of Life-Annuities and Political Arithmetick. Also, an appendix and supplement, Containing additional Observations, and a complete Set of Tables; particularly, several new Tables of the Probabilities of Life in different Situations, and of the Values of Annuities on Lives. The third edition, much enlarged. By Richard Price, D. D. F. R. S. |
| 260 ## - PUBLICATION, DISTRIBUTION, ETC. | |
| Place of publication, distribution, etc. | London |
| Name of publisher, distributor, etc. | printed for T. Cadell, in the Strand |
| Date of publication, distribution, etc. | M.DCC.LXXIII. [1773] |
| 300 ## - PHYSICAL DESCRIPTION | |
| Extent | xxxix, [1], 431, [1]p. |
| Dimensions | 8o |
| 583 ## - ACTION NOTE | |
| Action | Condition reviewed |
| Time/date of action | 20120620 |
| Status | condition level 1 |
| 651 #4 - SUBJECT ADDED ENTRY--GEOGRAPHIC NAME | |
| Geographic name | Great Britain |
| Chronological subdivision | 1707- |
| 690 ## - LOCAL SUBJECT ADDED ENTRY--TOPICAL TERM (OCLC, RLIN) | |
| Topical term or geographic name as entry element | Insurance |
| 9 (RLIN) | 6249 |
| 942 ## - ADDED ENTRY ELEMENTS (KOHA) | |
| Suppress in OPAC | 0 |
| Withdrawn status | Lost status | Source of classification or shelving scheme | Damaged status | Not for loan | Home library | Current library | Shelving location | Date acquired | Total Checkouts | Full call number | Barcode | Date last seen | Copy number | Price effective from | Koha item type |
|---|---|---|---|---|---|---|---|---|---|---|---|---|---|---|---|
| Dewey Decimal Classification | Historic collection | Historic collection | Historic collection | 20/03/2012 | OCTAVO 1773 PRICE | 30075924 | 06/08/2019 | 1 | 06/08/2019 | Book |